| 000 | 00500pab a2200157 454500 | ||
|---|---|---|---|
| 008 | 180718b2004 xxu||||| |||| 00| 0 eng d | ||
| 100 | _aSarker, Debnarayan | ||
| 245 | _aHigh technical efficiency of farms in two different agricultural lands: a study under deterministic production frontier approach | ||
| 260 | _c2004 | ||
| 300 | _ap.197-208. | ||
| 362 | _aApr-Jun | ||
| 650 | _aAgricultural land | ||
| 700 | _aDe, Sudipta | ||
| 773 | _aIndian Journal of Agricultural Economics | ||
| 909 | _a62166 | ||
| 999 |
_c62166 _d62166 |
||